[Event "FIDE World Uni Blitz-B 1st"]
[Site "Tornelo INT"]
[Date "2021.03.13"]
[Round "6.16"]
[White "Atharvaa, P Tayade"]
[Black "Sliwicka, Alicja"]
[Result "1-0"]
[WhiteElo "1926"]
[BlackElo "2346"]
[PlyCount "41"]
[EventDate "2021.03.13"]
[EventType "swiss (blitz)"]
[EventRounds "10"]
[EventCountry "NET"]
[SourceTitle "EXT 2022"]
[Source "ChessBase"]
[SourceDate "2021.10.06"]
[SourceVersion "1"]
[SourceVersionDate "2021.10.06"]
[SourceQuality "1"]

1. e4 c5 2. Nc3 Nc6 3. g3 g6 4. Bg2 Bg7 5. d3 e6 6. Be3 Nd4 7. f4 Rb8 8. Nf3 Ne7 9. 0-0 b5 10. e5 Nef5 11. Bf2 d6 12. exd6 Qxd6 13. Ne4 Qc7 14. c3 Nxf3+ 15. Bxf3 c4 16. dxc4 bxc4 17. Qa4+ Bd7 18. Qa3 Bf8 19. Nf6+ Kd8 20. Qxa7 Qb7 21. Bxb7 1-0

[Event "FIDE World Uni Blitz-B 1st"]
[Site "Tornelo INT"]
[Date "2021.03.13"]
[Round "2.8"]
[White "Reshef, Omer"]
[Black "Atharvaa, P Tayade"]
[Result "0-1"]
[WhiteElo "2495"]
[BlackElo "1926"]
[PlyCount "66"]
[EventDate "2021.03.13"]
[EventType "swiss (blitz)"]
[EventRounds "10"]
[EventCountry "NET"]
[SourceTitle "EXT 2022"]
[Source "ChessBase"]
[SourceDate "2021.10.06"]
[SourceVersion "1"]
[SourceVersionDate "2021.10.06"]
[SourceQuality "1"]

1. e4 c5 2. Nf3 d6 3. c3 Nf6 4. Bd3 g6 5. Bc2 Bg7 6. h3 Nc6 7. 0-0 0-0 8. d4 cxd4 9. cxd4 Nb4 10. Bb3 d5 11. e5 Ne4 12. Nc3 Nxc3 13. bxc3 Nc6 14. c4 dxc4 15. Bxc4 Bf5 16. Bf4 Be4 17. Ng5 Bd5 18. Be2 h6 19. Nf3 Bxf3 20. Bxf3 Qxd4 21. Bxc6 Qxf4 22. Bxb7 Rab8 23. Qf3 Qxe5 24. Rab1 Rbd8 25. g3 Rd2 26. a4 Rfd8 27. Kg2 R8d3 28. Qg4 h5 29. Qc8+ Kh7 30. Bf3 Rxf3 31. Kxf3 Qd5+ 32. Ke3 Bh6+ 33. f4 Qd3# 0-1